Normal view
MARC view
- INTEGRATED OPTICS
Entry Topical Term
001 - CONTROL NUMBER
- control field: 66160
003 - CONTROL NUMBER IDENTIFIER
- control field: NUST
005 - DATE AND TIME OF LATEST TRANSACTION
- control field: 20210628203538.0
008 - FIXED-LENGTH DATA ELEMENTS
- fixed length control field: 210628|| aca||aabn | a|a d
040 ## - CATALOGING SOURCE
- Original cataloging agency: NUST
- Transcribing agency: NUST
150 ## - HEADING--TOPICAL TERM
- Topical term or geographic name entry element: INTEGRATED OPTICS
670 ## - SOURCE DATA FOUND
- Source citation: Work cat.: (NUST): HARUNA, M , NIHIHNRA, H , SUHARA, T 66159, OPTICAL INTEGRATED CIRCUITS, 1989
